| 000 | 00411nam a22001697a 4500 | ||
|---|---|---|---|
| 003 | SGT | ||
| 020 | _a9788131266304 | ||
| 082 |
_a618 _bH18K |
||
| 100 | _aKUMAR, SUNESH,ed. | ||
| 245 | _aHOWKIN'S & BOURNE SHAW'S TESTBOOK OF GYNAECOLOGY | ||
| 250 | _a18TH | ||
| 260 |
_aNEW DELHI _bELSEVIER _c2018 |
||
| 300 | _a588 | ||
| 650 | _aGYNAECOLOGY | ||
| 653 | _aHOWKIN , BOURNE , GYNAECOLOGY | ||
| 942 |
_2ddc _cBK _01 |
||
| 999 |
_c24530 _d24530 |
||